Loading...
Fine Arts - Classical Music | 3 | 13.33 | 100% | 33% | 0% |
Fine Arts - Other Fine Arts | 1 | 10.00 | 100% | 0% | 0% |
Fine Arts - Painting & Sculpture | 4 | 10.00 | 100% | 0% | 0% |
History - American History | 1 | 10.00 | 100% | 0% | 0% |
History - European History | 4 | 12.50 | 100% | 25% | 0% |
History - Other History | 4 | 15.00 | 100% | 50% | 0% |
History - World History | 4 | 10.00 | 75% | 25% | 0% |
Literature - American Literature | 2 | 10.00 | 100% | 0% | 0% |
Literature - British Literature | 5 | 8.00 | 60% | 20% | 0% |
Literature - European Literature | 5 | 8.00 | 80% | 0% | 0% |
Literature - World Literature | 2 | 5.00 | 50% | 0% | 0% |
Mythology | 3 | 10.00 | 100% | 0% | 0% |
Other | 3 | 10.00 | 67% | 33% | 0% |
Philosophy | 3 | 3.33 | 33% | 0% | 0% |
Religion | 5 | 8.00 | 40% | 40% | 0% |
Science - Biology | 5 | 8.00 | 80% | 0% | 0% |
Science - Chemistry | 1 | 10.00 | 100% | 0% | 0% |
Science - Other Science | 6 | 8.33 | 67% | 17% | 0% |
Science - Physics | 4 | 2.50 | 25% | 0% | 0% |
Social Science | 3 | 13.33 | 100% | 33% | 0% |